LEADER 03530nam 22006375 450 001 996309095403316 005 20231018212022.0 010 $a3-486-71809-6 024 7 $a10.1524/9783486718096 035 $a(CKB)3710000000109173 035 $a(EBL)1433471 035 $a(OCoLC)879550925 035 $a(SSID)ssj0001315868 035 $a(PQKBManifestationID)11751343 035 $a(PQKBTitleCode)TC0001315868 035 $a(PQKBWorkID)11293781 035 $a(PQKB)11584353 035 $a(MiAaPQ)EBC1433471 035 $a(DE-B1597)225894 035 $a(OCoLC)979642011 035 $a(DE-B1597)9783486718096 035 $a(oapen)https://directory.doabooks.org/handle/20.500.12854/40576 035 $a(EXLCZ)993710000000109173 100 $a20190708d2013 fg 101 0 $ager 135 $aur|n|---||||| 181 $ctxt$2rdacontent 182 $cc$2rdamedia 183 $acr$2rdacarrier 200 00$aAkten zur Auswärtigen Politik der Bundesrepublik Deutschland $eWissenschaftliche Leiterin: Ilse Dorothee Pautsch$i1978 /$fDaniela Taschler, Amit Das Gupta, Michael Mayer 210 1$aBerlin ;$aBoston :$cOldenbourg Wissenschaftsverlag,$d[2013] 210 4$d©2009 215 $a1 online resource (2193 pages) 225 0 $aAkten zur Auswärtigen Politik der Bundesrepublik Deutschland. 300 $aIncludes index. 311 $a1-306-79151-0 311 $a3-486-58729-3 327 $tFrontmatter --$tInhalt --$tDokumentenverzeichnis --$tAkten zur Auswärtigen Politik der Bundesrepublik Deutschland 1978 330 $aHerausgegeben im Auftrag des Auswärtigen Amts vom Institut für Zeitgeschichte. Hauptherausgeber: Horst Möller, Mitherausgeber: Klaus Hildebrand, Gregor Schöllgen Wissenschaftliche Leiterin: Ilse Dorothee Pautsch Die Kontroverse um die Neutronenwaffe überschattete 1978 die deutsch-amerikanischen Beziehungen. Zudem rückte die sowjetische Überlegenheit im Bereich der Mittelstreckenwaffen ins Zentrum der strategischen Diskussion. In der Ost- und Deutschlandpolitik markierten der Besuch des Generalsekretärs Breschnew sowie der Abschluss der Verkehrsverhandlungen mit der DDR wichtige Fortschritte. Demgegenüber stagnierte der multilaterale Entspannungsprozess: Weder die KSZE-Folgekonferenz von Belgrad noch die MBFR-Verhandlungen in Wien brachten den erhofften Fortschritt. Während die Konferenz von Camp David Hoffnung auf Frieden im Nahen Osten weckte, verschärften sich die Unruhen im Iran. Auf dem Weltwirtschaftgipfel in Bonn verwandte die Bundesregierung ihren Einfluss auf die Stabilisierung der Währungsmärkte und die Überwindung der weltwirtschaftlichen Flaute. Unter deutscher Ratspräsidentschaft konnte das Europäische Währungssystem als Voraussetzung für den heutigen Euro-Währungsraum eingeführt und ein Durchbruch bei den Beitrittsverhandlungen mit Griechenland als Auftakt zur EG-Süderweiterung erreicht werden. 606 $aAuswärtige Politik 606 $aAußenpolitik 606 $aBundesrepublik Deutschland 607 $aGermany (West)$xForeign relations$vSources 615 4$aAuswärtige Politik. 615 4$aAußenpolitik. 615 4$aBundesrepublik Deutschland. 676 $a658.405 702 $aDas Gupta$b Amit 702 $aMayer$b Michael 702 $aTaschler$b Daniela$f1970- 801 0$bDE-B1597 801 1$bDE-B1597 906 $aBOOK 912 $a996309095403316 996 $aAkten zur auswartigen Politik der Bundesrepublik Deutschland$9841624 997 $aUNISA LEADER 03714nam 22006135 450 001 9910484950203321 005 20250822160227.0 010 $a3-030-68014-2 024 7 $a10.1007/978-3-030-68014-5 035 $a(CKB)4100000011746942 035 $a(DE-He213)978-3-030-68014-5 035 $a(MiAaPQ)EBC6469858 035 $a(PPN)253856663 035 $a(EXLCZ)994100000011746942 100 $a20210204d2021 u| 0 101 0 $aeng 135 $aurnn|008mamaa 181 $ctxt$2rdacontent 182 $cc$2rdamedia 183 $acr$2rdacarrier 200 10$aAdvanced Manufacturing Processes II $eSelected Papers from the 2nd Grabchenko?s International Conference on Advanced Manufacturing Processes (InterPartner-2020), September 8-11, 2020, Odessa, Ukraine /$fedited by Volodymyr Tonkonogyi, Vitalii Ivanov, Justyna Trojanowska, Gennadii Oborskyi, Anatolii Grabchenko, Ivan Pavlenko, Milan Edl, Ivan Kuric, Predrag Dasic 205 $a1st ed. 2021. 210 1$aCham :$cSpringer International Publishing :$cImprint: Springer,$d2021. 215 $a1 online resource (XXIII, 856 p. 476 illus., 260 illus. in color.) 225 1 $aLecture Notes in Mechanical Engineering,$x2195-4364 311 08$a3-030-68013-4 327 $aIntelligent Predictive Decision Support System for the Maintenance Service Provider -- Readiness to Use Augmented Reality Solutions in Small and Medium Enterprises in Poland: A Survey -- Production Line Balancing in a Mixed-Model Production System: A Case Study. 330 $aThis book offers a timely yet comprehensive snapshot of innovative research and developments at the interface between manufacturing, materials and mechanical engineering, and quality assurance. It covers a wide range of manufacturing processes, such as cutting, grinding, assembly, and coatings, including ultrasonic treatment, molding, radial-isostatic compression, ionic-plasma deposition, volumetric vibration treatment, and wear resistance. It also highlights the advantages of augmented reality, RFID technology, reverse engineering, optimization, heat and mass transfer, energy management, quality inspection, and environmental impact. Based on selected papers presented at the Grabchenko?s International Conference on Advanced Manufacturing Processes (InterPartner-2020), held in Odessa, Ukraine, on September 8?11, 2020, this book offers a timely overview and extensive information on trends and technologies in production planning, design engineering, advanced materials, machining processes, process engineering, and quality assurance. It is also intended to facilitate communication and collaboration between different groups working on similar topics and offer a bridge between academic and industrial researchers. 410 0$aLecture Notes in Mechanical Engineering,$x2195-4364 606 $aManufactures 606 $aComposite materials 606 $aEngineering design 606 $aComputer-aided engineering 606 $aMachines, Tools, Processes 606 $aComposites 606 $aEngineering Design 606 $aComputer-Aided Engineering (CAD, CAE) and Design 615 0$aManufactures. 615 0$aComposite materials. 615 0$aEngineering design. 615 0$aComputer-aided engineering. 615 14$aMachines, Tools, Processes. 615 24$aComposites. 615 24$aEngineering Design. 615 24$aComputer-Aided Engineering (CAD, CAE) and Design. 676 $a303.483 702 $aTonkonogyi$b Volodymyr 801 0$bMiAaPQ 801 1$bMiAaPQ 801 2$bMiAaPQ 906 $aBOOK 912 $a9910484950203321 996 $aAdvanced Manufacturing Processes II$92821386 997 $aUNINA